|
|
|
|
| LEADER |
00000nab a2200000 4500 |
| 008 |
150611b2000 cr f|||| |||| 00| 0 spa d |
| 090 |
|
|
|a REVIS 06.02.01
|
| 100 |
1 |
|
|9 118
|a Méndez Vega, Norma
|
| 245 |
1 |
0 |
|a Algunas reflexiones conceptuales sobre la evaluación /
|c Norma Méndez Vega
|
| 260 |
|
|
|a San José, Costa Rica :
|b Editorial Universidad de Costa Rica,
|c 2000
|
| 300 |
|
|
|a páginas 53-60
|
| 520 |
|
|
|a El presente artículo pone a la discusión algunos elementos conceptuales sobre evaluación, aplicada básicamente a la educación. También habla en forma resumida sobre algunas diferencias a tomar en cuenta como son, la medición, verificación, control, investigación, supervisión. Por último se destacan aspectos fundamentales dentro del proceso de evaluación, como la credibilidad, la persuasión y los destinatarios, premisas y valores, y la aplicación en educación
|
| 650 |
1 |
4 |
|9 1
|a EDUCACIÓN
|
| 773 |
0 |
|
|d San José, Costa Rica : Editorial de la Universidad de Costa Rica, 1997-
|o R0025
|t EDUCACIÓN: Revista de la Universidad de Costa Rica
|g Vol.24, no.1 (2000)
|
| 942 |
|
|
|h REVIS 06.02.01
|2 z
|c 10
|
| 999 |
|
|
|c 2668
|d 2668
|